Κατάλογος Βιβλιοθηκών Mediterranean College

Είναι το ΑΙ η Λύση για Σύγχρονες Εφοδιαστικές Αλυσίδες; / Όσα Προέκυψαν από τα Πάνελ των Logi.C 20222 - Αθήνα (Record no. 9604)

MARC details
000 -LEADER
fixed length control field 01130cam a22001814a 4500
005 - ΗΜΕΡΟΜΗΝΙΑ ΚΑΙ ΩΡΑ ΤΕΛΕΥΤΑΙΑΣ ΕΝΗΜΕΡΩΣΗΣ
Πεδίο ελέγχου 20250605164404.0
008 - FIXED-LENGTH DATA ELEMENTS--GENERAL INFORMATION
Πεδίο ελέγχου σταθερού μήκους 250528s ||||||||||||||||||||||||d
035 ## - SYSTEM CONTROL NUMBER
System control number 24749
040 ## - ΠΗΓΗ ΚΑΤΑΛΟΓΟΓΡΑΦΗΣΗΣ
Φορέας πρωτότυπης καταλογογράφησης MC Athens Campus Library
Γλώσσα καταλογογράφησης Ελληνικά, Μοντέρνα (1453-)
Modifying agency MC Athens Campus Library
Κανόνες περιγραφικής καταλογογράφησης AACR2
245 1# - ΤΙΤΛΟΣ ΚΑΙ ΔΗΛΩΣΗ ΥΠΕΥΘΥΝΟΤΗΤΑΣ
Τίτλος Είναι το ΑΙ η Λύση για Σύγχρονες Εφοδιαστικές Αλυσίδες; / Όσα Προέκυψαν από τα Πάνελ των Logi.C 20222 - Αθήνα
260 ## - PUBLICATION, DISTRIBUTION, ETC.
Name of publisher, distributor, etc. Scl Magazine,
Date of publication, distribution, etc. 2022
300 ## - PHYSICAL DESCRIPTION
Extent 96
520 ## - SUMMARY, ETC.
Summary, etc. Το SCL&L Magazine 'Παρών' στην Logimat kai στα Ποσειδονια 2022, Όταν η Εμπειρία 'Μιλά' στις Εθνικές Μεταφορές, Κλειδί της Εθνικής Ανάπτυξης η Ολιστική Προσέγγιση των Δικτύων Εμπορευματικών Μεταφορών, Γιατί τα Ηλεκτρικά Φορτηγά θα Γίνουν Αναπόσπαστο Κομμάτι της Αγοράς Νωρίτερα απ'ότι Νομίζετε;
700 1# - ΠΡΟΣΘΕΤΗ ΑΝΑΓΡΑΦΗ--ΦΥΣΙΚΟ ΠΡΟΣΩΠΟ
Personal name Δημητριάδης Θεόδωρος
9 (RLIN) 9489
942 ## - ADDED ENTRY ELEMENTS (KOHA)
Koha item type Περιοδικά Δημοσιεύματα
Holdings
Τύπος τεκμηρίου Βιβλιοθήκη Τρέχουσα τοποθεσία Barcode Ημερομηνία απόκτησης Ταξιθετικό σύμβολο Αριθμός αντιτύπου Κατάσταση απόσυρσης Κατάσταση χαμένου Κατάσταση κατεστραμμένου Μη δανεισμός Σύνολο δανεισμών Ημερομηνία τελευταίας εμφάνισης Η τιμή ισχύει από
Περιοδικά Δημοσιεύματα MC Athens Campus Library MC Athens Campus Library 9780000096036 05/06/2025 SUPPLY CHAIN & LOGISTICS 1           05/06/2025 05/06/2025

MC Athens Campus Library
Πατησίων 94 & Κοδριγκτώνος 13, 104 34
Πελλήνης 8 & Πατησίων 107, 112 51
Τ: +30 210 8899600

MC Thessaloniki Campus Library
Ίωνος Δραγούμη 21, 54625 | Ίωνος Δραγούμη 15, 54625
Τ: +30 2310 287779 – Τ: +30 2314 440300